[Event "ch-Kiev"]
[Site "Kiev UKR"]
[Date "2005.01.24"]
[Round "7"]
[White "Shishkin,Va UKR"]
[Black "Galinsky,T"]
[Result "1/2-1/2"]
[WhiteElo "2488"]
[BlackElo "2416"]

1.d4 d5 2.c4 e6 3.Nf3 Nf6 4.Nc3 Be7 5.Bf4 O-O 6.e3 c5 7.dxc5 Bxc5 8.a3 Be7
9.cxd5 Nxd5 10.Nxd5 exd5 11.Bd3 Nc6 12.b4 Bf6 13.Rc1 Bg4 14.O-O Rc8 15.h3 Be6
16.Qd2 a6 17.Rfd1 Qe7 18.Rb1 Rfd8 19.Bg3 h6 20.a4 Bd7 21.b5 axb5 22.axb5 Ne5
23.Nxe5 Bxe5 24.Bxe5 Qxe5 25.Be2 Bf5 26.Rb2 Rd6 27.Qd4 Qxd4 28.Rxd4 Rc5 29.g4 Be6
30.f4 Rb6 31.Kf2 g6 32.h4 Kg7 33.Rdd2 Kf6 34.Rd1 Ke7 35.Rh1 Kf6 36.g5+ hxg5
37.hxg5+ Kg7 38.Bd3 Bf5 39.Bxf5 gxf5 40.Rhb1 f6 41.gxf6+ Kxf6 42.Ke2 Ke7
43.Kd3 Kd6 44.Rb4 Rc8 45.Rh1 Kc5 46.Rb2 Re8 47.Rc2+ Kd6 48.Rh6+ Re6 49.Rxe6+ Kxe6
50.Rc5 Rd6 51.Kd4 b6 52.Rc8 Ke7 53.Rh8 Re6 54.Kxd5 Rxe3 55.Rh7+ Ke8 56.Rh5 Kd7
57.Rxf5 Rd3+ 58.Ke4 Rb3 59.Re5 Kd6 60.Kf5 Rf3 61.Kg4 Rf1 62.Kg5 Rf2 63.Rf5 Rb2
64.Re5 Rf2 65.Re3 Rg2+ 66.Kf5 Rb2 67.Re6+ Kc5 68.Re5+ Kd6 69.Kf6 Rf2 70.f5 Rf1
71.Re3 Kc5 72.Rb3 Kc4 73.Rb2 Kd5 74.Kg6 Kc4 75.f6 Rg1+ 76.Kf7 Rf1 77.Ke7 Re1+
78.Kf8 Rf1 79.f7 Rf3 80.Rb1 Rf2 81.Ke7 Re2+ 82.Kd6 Rf2 83.Kc6 Rf6+ 84.Kb7 Kc5
85.Ka6 Rxf7 86.Rc1+ Kb4 87.Kxb6 Rf6+ 88.Rc6 Rf5  1/2-1/2

[Event "Gibraltar Masters"]
[Site "Caleta ENG"]
[Date "2005.01.26"]
[Round "2"]
[White "Tregubov,P"]
[Black "Al Tamimi,H"]
[Result "1/2-1/2"]
[WhiteElo "2629"]
[BlackElo "2210"]

1.d4 d5 2.c4 e6 3.Nf3 Be7 4.Nc3 Nf6 5.Bf4 O-O 6.e3 Nbd7 7.Be2 dxc4 8.Bxc4 a6
9.a4 c5 10.O-O cxd4 11.exd4 Nb6 12.Bb3 Bd7 13.Ne5 Bc6 14.Re1 Nbd5 15.Bg5 Qd6
16.Qd3 Nb4 17.Qh3 Bd5 18.Nxd5 Nfxd5 19.Bd2 Rad8 20.Re4 Nc6 21.Rae1 Qc7 22.Rc1 Qb6
23.a5 Qb5 24.Bh6 Nf6 25.Nxc6 Nxe4 26.Nxe7+ Kh8 27.Bc2 gxh6 28.Bxe4 Qg5 29.Qe3 Qxe7
30.Qxh6 f5 31.Bf3 Rxd4 32.h3 Rd7 33.Re1 Rf6 34.Qf4 Kg7 35.Bh5 h6 36.Rc1 Kh7
37.Rc3 e5 38.Qg3 Qd6 39.Rc8 Rg7 40.Qc3 Qd4 41.Qxd4 exd4 42.Rd8 Rc6 43.Rxd4 Rc1+
44.Kh2 Rc5 45.b4 Re5 46.Bf3 Rge7 47.Kg3 Kg7 48.Kf4 Kf6 49.Rd6+ R5e6 50.Rd5 Re5
51.Rd6+ R5e6 52.Rd5 Re5 53.Rd6+  1/2-1/2

[Event "Gibraltar Masters"]
[Site "Caleta ENG"]
[Date "2005.01.27"]
[Round "3"]
[White "Kuenitz,K"]
[Black "Orr,M"]
[Result "0-1"]
[WhiteElo "1994"]
[BlackElo "2324"]

1.Nf3 d5 2.d4 Nf6 3.c4 e6 4.Nc3 Be7 5.Bf4 O-O 6.e3 c5 7.dxc5 Bxc5 8.Bd3 Nc6
9.O-O h6 10.h3 a6 11.a3 dxc4 12.Bxc4 b5 13.Bd3 Bb7 14.Ne4 Nxe4 15.Bxe4 Na5
16.Bxb7 Nxb7 17.b4 Bd6 18.Ne5 Bxe5 19.Bxe5 f6 20.Qf3 Qe7 21.Bd4 e5 22.Qd5+ Qf7
23.Qxf7+ Rxf7 24.Bb6 Nd6 25.Rac1 Nc4 26.Bc5 Nxa3 27.Ra1 Nc4 28.Ra2 Rc7 29.Rc1 Rc6
30.Rd1 a5 31.Rd7 Rac8 32.Rb7 Rxc5 33.bxc5 Rxc5 34.Ra1 e4 35.Rd1 Ne5 36.Rd8+ Kh7
37.Ra8 Nc6 38.Rc8 a4 39.Rcc7 Kg6 40.g4 Kg5 41.Rxg7+ Kh4 42.Kg2 a3 43.Rh7 h5
44.Rbg7 a2 45.Ra7 Nxa7 46.Rxa7 hxg4 47.hxg4 Rc2  0-1

[Event "Zimski Winter Open"]
[Site "Belgrade SCG"]
[Date "2005.01.29"]
[Round "7"]
[White "Ostojic,N"]
[Black "Stankovic,Br"]
[Result "1-0"]
[WhiteElo "2430"]
[BlackElo "2274"]

1.d4 d5 2.c4 e6 3.Nf3 Nf6 4.Nc3 Be7 5.Bf4 O-O 6.e3 Nbd7 7.Qc2 c5 8.dxc5 Nxc5
9.a3 Bd7 10.Nd2 Rc8 11.b4 Na6 12.Qb2 Nc7 13.Rd1 Re8 14.Bg3 a6 15.Be2 Bc6
16.O-O h6 17.Nb3 Bd6 18.cxd5 exd5 19.Bf3 Bxg3 20.hxg3 Qe7 21.Nd4 Bd7 22.Rc1 Bg4
23.Na4 Bxf3 24.gxf3 Ne6 25.Nf5 Qd8 26.Nxh6+ gxh6 27.Rxc8 Qxc8 28.Qxf6 Qc2
29.Nc5 Nxc5 30.bxc5 Qxc5 31.Qxh6 d4 32.exd4 Qxd4 33.Qg5+ Qg7 34.Qd2 Qf6 35.Kg2 Rd8
36.Qb4 b5 37.Rh1 Rd3 38.Qg4+ Qg6 39.Qc8+  1-0

[Event "ch-CZE"]
[Site "Prague CZE"]
[Date "2005.02.02"]
[Round "2"]
[White "Stocek,J"]
[Black "Cvek,R"]
[Result "1/2-1/2"]
[WhiteElo "2586"]
[BlackElo "2499"]

1.d4 Nf6 2.c4 e6 3.Nc3 d5 4.Nf3 Be7 5.Bf4 O-O 6.e3 c5 7.dxc5 Bxc5 8.Qc2 Nc6
9.Rd1 Qa5 10.Be2 Bb4 11.O-O Bxc3 12.bxc3 h6 13.Ne5 Re8 14.Bf3 Qc5 15.cxd5 exd5
16.Nd3 Qe7 17.Nc1 Rd8 18.h3 Ne5 19.Bxe5 Qxe5 20.Nd3 Bf5 21.Qb3 Qc7 22.Nf4 Be4
23.Bxe4 dxe4 24.Rd4 Rac8 25.Rfd1 Rxd4 26.Rxd4 b6 27.c4 Rd8 28.Nd5 Nxd5 29.cxd5 Qe5
30.Qc4 Kh7 31.Qc6 Rd6 32.Qb7 f5 33.Qf7 b5 34.h4 a6 35.g3 Rf6 36.Qh5 Rd6 37.Qf7 Rf6
38.Qh5 Rd6 39.Qd1 Kh8 40.h5 Kh7 41.Kg2 Kh8 42.Kg1 Kh7 43.Rd2 Kh8 44.Qb3 Kh7
45.Kg2 f4 46.exf4 Qxh5 47.Qe3 Qf5 48.Qc5 Rg6 49.Qe3 Rd6 50.Qd4 Kg6 51.Qe5 Qxe5
52.fxe5 Rd8 53.g4 Kf7 54.f4 exf3+ 55.Kxf3 Rc8 56.Ke4 Rc4+ 57.Ke3 Rc3+ 58.Ke4 Rc4+
59.Ke3 Rc3+ 60.Kf4 Rc4+ 61.Kf3 Rc3+ 62.Kf2 Rc8 63.Rd3 Ke7 64.Kf3 g6 65.Ra3 Rc5
66.Rxa6 Rxd5 67.Ke4 Rd2 68.Rxg6 Rxa2 69.Rxh6 Rg2 70.Rh7+ Ke6 71.Rh6+ Ke7
72.Kf4 Rf2+ 73.Ke4 Rg2 74.Kf4 Rf2+ 75.Ke3 Rg2 76.Kf3 Rb2 77.Rb6 b4 78.Ke4 b3
79.Rb7+ Ke6 80.Rb6+ Ke7 81.Kf5 Rf2+ 82.Kg6 b2 83.g5 Rg2 84.e6 Rf2 85.Kg7 Rg2
86.g6 Rh2 87.Kg8 Rg2 88.Kg7 Rh2 89.Kg8 Rg2 90.g7 Rh2 91.Rb7+ Kxe6 92.Kf8 Rf2+
93.Ke8 Rg2 94.Rb6+ Kd5 95.Kf7 Rf2+ 96.Ke7 Rg2 97.Kf6 Rf2+ 98.Ke7 Rg2 99.Kf6 Rf2+
100.Ke7  1/2-1/2

[Event "Oceania zt"]
[Site "Auckland NZL"]
[Date "2005.02.03"]
[Round "8"]
[White "Steadman,M"]
[Black "Green,Pet"]
[Result "1-0"]
[WhiteElo "2222"]
[BlackElo "2258"]

1.d4 Nf6 2.c4 e6 3.Nf3 d5 4.Nc3 Be7 5.Bf4 O-O 6.e3 Nbd7 7.Qc2 c5 8.cxd5 exd5
9.Bd3 c4 10.Be2 Re8 11.O-O Nf8 12.Ne5 Be6 13.b3 Rc8 14.bxc4 dxc4 15.Bf3 Nd5
16.Nxd5 Bxd5 17.e4 Be6 18.Rfd1 Bd6 19.d5 Qf6 20.dxe6 Bxe5 21.Bxe5 Qxe5 22.exf7+ Kxf7
23.Rab1 Re7 24.Rd5 Qc7 25.Be2 Kg8 26.Rb4 c3 27.Rdd4 Qe5 28.g3 Ne6 29.Rdc4 Rec7
30.f4 Qd6 31.Qxc3 Nc5 32.Qe3 b6 33.Rd4 Qe7 34.Bg4 Re8 35.e5 Kh8 36.Rb1 Ne6
37.Rd6 Nf8 38.Rbd1 Rc2 39.R1d2 Rc1+ 40.Kg2 Qc7 41.Kh3 Rc3 42.Qe2 Ng6 43.Kg2 Qc5
44.Rd8 Qe7 45.Rxe8+ Qxe8 46.Qd1 Nf8 47.Rd8 Qc6+ 48.Bf3 Qc5 49.Qd5  1-0

[Event "XII TCh-RUS 1st League"]
[Site "Smolensk RUS"]
[Date "2005.02.04"]
[Round "2"]
[White "Rychagov,A"]
[Black "Benza,A"]
[Result "1-0"]
[WhiteElo "2546"]
[BlackElo "2130"]

1.d4 Nf6 2.c4 e6 3.Nf3 d5 4.Nc3 Be7 5.Bf4 c6 6.e3 Nbd7 7.h3 O-O 8.cxd5 exd5
9.Bd3 Re8 10.O-O Nf8 11.Rb1 Bd6 12.Bxd6 Qxd6 13.Qc2 Ng6 14.b4 a6 15.a4 Bd7
16.Qb3 Qe7 17.b5 axb5 18.axb5 Ra3 19.Qb2 Rea8 20.bxc6 bxc6 21.Ra1 Be8 22.Rxa3 Qxa3
23.Qc2 Rc8 24.Na4 Nd7 25.Bf5 Ngf8 26.Ne5 Ra8 27.Bxd7 Nxd7 28.Nxd7 Qxa4 29.Qxa4 Rxa4
30.Rb1 Ra8 31.Nc5 g6 32.g4 Ra7 33.Rb8 Kf8 34.g5 Ke7 35.Kg2 Ra2 36.Kg3 Re2
37.Nd3 Rc2 38.h4 Rc3 39.Rb7+ Kf8 40.Nc5 Rc2 41.Rc7 Rb2 42.Nd3 Rc2 43.Ne5 Rb2
44.Ng4 Rb8 45.Kf4 Rd8 46.Nf6 Kg7 47.Ke5  1-0

[Event "5th It"]
[Site "Pulvermuehle GER"]
[Date "2005.02.08"]
[Round "6"]
[White "Balinov,I"]
[Black "Baramidze,D"]
[Result "1/2-1/2"]
[WhiteElo "2372"]
[BlackElo "2550"]

1.Nf3 d5 2.c4 e6 3.d4 Nf6 4.Nc3 Be7 5.Bf4 O-O 6.e3 c5 7.dxc5 Bxc5 8.cxd5 Nxd5
9.Nxd5 exd5 10.a3 Nc6 11.Bd3 Bb6 12.O-O d4 13.e4 Bg4 14.h3 Bh5 15.Rc1 Rc8
16.Re1 Re8 17.b4 f6 18.Bc4+ Kh8 19.Bd5 Bxf3 20.Qxf3 Ne5 21.Bxe5 fxe5 22.Bxb7 Rc3
23.Rxc3 dxc3 24.Qxc3 Rf8 25.Rf1 Qh4 26.g3 Qxh3 27.Qxe5 Qg4 28.Qc3 Qe2 29.Kg2 Bxf2
30.Ba6 Qxe4+ 31.Kh3 Qe6+ 32.Kg2 Qd5+ 33.Kh3 Qh5+  1/2-1/2

[Event "2nd GM"]
[Site "Kish IRI"]
[Date "2005.02.10"]
[Round "11"]
[White "Ghaem Maghami,E"]
[Black "Mahjoob,M"]
[Result "1/2-1/2"]
[WhiteElo "2623"]
[BlackElo "2445"]

1.Nf3 Nf6 2.c4 e6 3.Nc3 d5 4.d4 Be7 5.Bf4 O-O 6.e3 c5 7.dxc5 Bxc5 8.Qc2 Qe7
9.O-O-O dxc4 10.Bxc4 Bd7 11.Kb1 Rc8 12.Ne5 Nc6 13.Nxd7 Nxd7 14.Ne4 Nce5 15.Qb3 Nxc4
16.Qxc4 Bxe3 17.Qb5 Bxf4 18.Rxd7 Qe8 19.Rhd1 Rc7 20.g3 a6 21.Qd3 Be5 22.f4 Rxd7
23.Qxd7 Bf6 24.Qxb7 Bxb2 25.Nd6 Rb8 26.Nxe8 Rxb7 27.Kc2 h5 28.Rd8 Kh7 29.Nd6 Rb6
30.Nxf7 Bf6 31.Rd2 Rb2+ 32.Kd3 Rxd2+ 33.Kxd2 Kg6 34.Nd6 Be7 35.Nc4 Kf5 36.Ke3 g5
37.fxg5 Bxg5+ 38.Kf3 e5 39.Nd6+ Ke6 40.Ne4 Be7 41.Ke3 Kf5 42.h3 Bd8 43.Kf3 Bb6
44.Nd6+ Ke6 45.Nc4 Bd4 46.Ke4 Bf2 47.g4 hxg4 48.hxg4 Bd4 49.Nd2 Bc3 50.Nf3 Kf6
51.Kd5 Bb2 52.a4 a5 53.Ke4 Bc3 54.Ke3 Bb2 55.Kd3 Ba1 56.Nd2 Kg5 57.Nb3 Bb2
58.Nxa5 Kf4 59.Nc4 e4+ 60.Ke2 Bc3 61.Nd2 Kxg4 62.Nxe4 Kf4 63.Kd3 Ke5 64.Nd2 Kd5
65.Nb3 Be5 66.a5 Bc7 67.Kc3 Bxa5+ 68.Nxa5  1/2-1/2

[Event "21st Open"]
[Site "Cappelle la Grande FRA"]
[Date "2005.02.12"]
[Round "1"]
[White "Cyborowski,L"]
[Black "Yakivchik,M"]
[Result "1-0"]
[WhiteElo "2564"]
[BlackElo "2360"]

1.Nf3 d5 2.d4 Nf6 3.c4 e6 4.Nc3 Be7 5.Bf4 c5 6.dxc5 Bxc5 7.e3 Nc6 8.a3 O-O
9.Qc2 Qe7 10.Rd1 d4 11.Nxd4 Bxd4 12.exd4 e5 13.dxe5 Bg4 14.Be2 Nxe5 15.O-O Qe6
16.Rfe1 Nxc4 17.Nb5 Bxe2 18.Rxe2 Qc6 19.Nd4 Qa6 20.Nf5 Rfd8 21.Rde1 Nd5 22.Bg5 f6
23.Bh6 gxh6 24.Ne7+ Nxe7 25.Rxe7 f5 26.Qc3 Qg6 27.R1e5 Kh8 28.Re3+ Kg8 29.Rxb7 f4
30.Re4 Kf8 31.Rxf4+  1-0

[Event "21st Open"]
[Site "Cappelle la Grande FRA"]
[Date "2005.02.13"]
[Round "2"]
[White "Shchekachev,A"]
[Black "Giffard,N"]
[Result "1/2-1/2"]
[WhiteElo "2559"]
[BlackElo "2348"]

1.c4 e6 2.Nf3 d5 3.d4 Nf6 4.Nc3 Be7 5.Bf4 O-O 6.e3 c6 7.Qc2 b6 8.Bd3 dxc4
9.Bxc4 Ba6 10.Bxa6 Nxa6 11.O-O Nb4 12.Qe2 Nfd5 13.Bg3 Nxc3 14.bxc3 Nd5 15.c4 Nf6
16.e4 Nh5 17.Be5 f6 18.Bg3 Nxg3 19.hxg3 Bd6 20.Rad1 Qe7 21.e5 fxe5 22.Nxe5 Bxe5
23.Qxe5 Qd7 24.Rfe1 Rf6 25.g4 h6 26.f3 Rd8 27.a4 Qd6 28.Qxd6 Rxd6 29.Kf2 Rf8
30.c5 bxc5 31.dxc5 Rxd1  1/2-1/2

[Event "XI Open"]
[Site "Coria del Rio BRA"]
[Date "2005.02.14"]
[Round "5"]
[White "Barria,D"]
[Black "Carrabeo Garcia,M"]
[Result "1-0"]
[WhiteElo "2349"]
[BlackElo "2108"]

1.d4 Nf6 2.c4 e6 3.Nf3 d5 4.Nc3 Be7 5.Bf4 O-O 6.e3 c5 7.dxc5 Nc6 8.a3 Bxc5
9.Qc2 Re8 10.Bg3 Qe7 11.O-O-O Rd8 12.Kb1 a6 13.Bh4 dxc4 14.Bxc4 b5 15.Bd3 Bb7
16.Ne4 Bd6 17.Nxd6 Rxd6 18.Bxh7+ Kf8 19.Rxd6 Qxd6 20.Rd1 Qe7 21.Bg3 Rd8 22.Rxd8+ Qxd8
23.Qc5+ Ke8 24.Bc2 Nd5 25.Bb3 Nb6 26.Qd6 Qxd6 27.Bxd6 Na5 28.Bc2 Bxf3 29.gxf3 Nac4
30.Bb4 Nd5 31.Be1 Ne5 32.Be4 f5 33.Bxd5 exd5 34.f4 Nf3 35.Bc3 Nxh2 36.Bxg7 Ng4
37.Kc2 Nxf2 38.Kc3 Kd7 39.Kd4 Kd6 40.Bf8+ Ke6 41.Bb4 Nd1 42.b3 Nf2 43.Kc5 Nd3+
44.Kb6 Nc1 45.Kxa6 Nxb3 46.Kxb5 d4 47.Kc4 Nc1 48.Kxd4 Ne2+ 49.Kc4 Ng3 50.Kb5 Nf1
51.Bc5 Nd2 52.a4 Nb3 53.Bb4  1-0

[Event "Nordea Cup"]
[Site "Dianalund DEN"]
[Date "2005.02.20"]
[Round "9"]
[White "Lund,E"]
[Black "Dalberg,P"]
[Result "1-0"]
[WhiteElo "2292"]
[BlackElo "2219"]

1.d4 d5 2.c4 e6 3.Nc3 Be7 4.Nf3 Nf6 5.Bf4 dxc4 6.e4 b5 7.Nxb5 Bb4+ 8.Nc3 Bxc3+
9.bxc3 Nxe4 10.Bxc4 O-O 11.Qc2 Nf6 12.Rb1 Nbd7 13.O-O Nb6 14.Bd3 Bb7 15.Ne5 Qd5
16.f3 c5 17.Qf2 cxd4 18.c4 Qd8 19.Qh4 Ba6 20.g4 h6 21.g5 Nh7 22.Nc6 Qe8 23.gxh6 g5
24.Bxg5 f6 25.Bxf6 Rxf6 26.Bxh7+ Kxh7 27.Qxf6 Qg6+ 28.Qxg6+ Kxg6 29.Rfe1 Bxc4
30.Ne5+ Kf5 31.Rxb6 axb6 32.Nxc4 Rxa2  1-0

[Event "76th ch-GER"]
[Site "Altenkirchen GER"]
[Date "2005.02.21"]
[Round "4"]
[White "Breutigam,M"]
[Black "Prusikin,M"]
[Result "1/2-1/2"]
[WhiteElo "2403"]
[BlackElo "2540"]

1.d4 d5 2.c4 e6 3.Nf3 Nf6 4.Nc3 Be7 5.Bf4 O-O 6.e3 Nbd7 7.c5 c6 8.Bd3 b6
9.b4 a5 10.a3 Ba6 11.O-O Qc8 12.h3 Qb7 13.Qc2 axb4 14.axb4 Bxd3 15.Qxd3 Rxa1
16.Rxa1 Ra8 17.Qb1 Ra7 18.Rxa7 Qxa7 19.Qa2 Qxa2 20.Nxa2 Ne8 21.Nc1 Bd8 22.Nb3 f6
23.g4 Kf7 24.Kg2 Ke7 25.g5 Bc7 26.gxf6+  1/2-1/2

[Event "III Festival Olimpico"]
[Site "Salinas ECU"]
[Date "2005.02.23"]
[Round "9"]
[White "Hellsten,J"]
[Black "Arencibia,W"]
[Result "1/2-1/2"]
[WhiteElo "2554"]
[BlackElo "2528"]

1.d4 d5 2.c4 e6 3.Nc3 Nf6 4.Nf3 Be7 5.Bf4 O-O 6.e3 Nbd7 7.h3 c5 8.cxd5 Nxd5
9.Bd3 cxd4 10.Nxd4 Nc5 11.O-O Qb6  1/2-1/2

[Event "3rd Breizh Masters"]
[Site "Guingamp FRA"]
[Date "2005.02.26"]
[Round "9"]
[White "Gervasio,R"]
[Black "Terrieux,K"]
[Result "0-1"]
[WhiteElo "2269"]
[BlackElo "2223"]

1.d4 d5 2.Nf3 Nf6 3.c4 e6 4.Nc3 Be7 5.Bf4 O-O 6.e3 a6 7.c5 Re8 8.Bd3 Nbd7
9.Ne5 Nxe5 10.Bxe5 Nd7 11.Bg3 c6 12.f4 b6 13.b4 f5 14.O-O a5 15.a3 Ba6 16.Bxa6 Rxa6
17.Rf2 Qa8 18.Rfa2 Rc8 19.Be1 Qb7 20.g4 Rca8 21.gxf5 exf5 22.b5 cxb5 23.Qb3 bxc5
24.Nxd5 Rg6+ 25.Bg3 Kf8 26.Nxe7 Kxe7 27.Rb1 Rb8 28.dxc5 h5 29.Rg2 Kf8 30.Qc2 Qd5
31.e4 Qxc5+ 32.Qxc5+ Nxc5 33.e5 b4 34.Be1 Rxg2+ 35.Kxg2 Nd3 36.Bf2 Rc8 37.Kf3 bxa3
38.Ra1 Rc2 39.Ke3 Nb2 40.Be1 a2 41.Bb4+ Kf7 42.h4 Ke6 43.Bf8 g6 44.Bd6 Kd5
45.Bf8 Rh2 46.e6 Nc4+ 47.Kd3 Rh3+ 48.Kc2 Kxe6 49.Rxa2 Rh2+ 50.Kb3 Rxa2 51.Kxa2 Ne3  0-1

[Event "NWAPA Rector Cup"]
[Site "St Petersburg RUS"]
[Date "2005.03.09"]
[Round "8"]
[White "Papenin,N"]
[Black "Ivanov,Al3"]
[Result "1-0"]
[WhiteElo "2350"]
[BlackElo "2350"]

1.d4 Nf6 2.c4 e6 3.Nc3 d5 4.Nf3 Be7 5.Bf4 O-O 6.e3 c5 7.dxc5 Bxc5 8.cxd5 Nxd5
9.Nxd5 exd5 10.a3 Nc6 11.Bd3 Bb6 12.O-O d4 13.Qc2 h6 14.e4 Bg4 15.Ne5 Nxe5
16.Bxe5 Rc8 17.Qd2 Be6 18.Rac1 Qd7 19.Rxc8 Rxc8 20.Rc1 Rxc1+ 21.Qxc1 Qc6
22.Bf4 f6 23.Bd2 Bf7 24.b4 Be6 25.f4 Qa4 26.f5 Bf7 27.Kf1 Qb3 28.Qc2 Qxa3
29.e5 fxe5 30.f6 Bd8 31.Ke2 Bh5+ 32.Kf2 gxf6 33.Bc4+ Kh8 34.Bb3 Qa6 35.Bxh6 f5
36.Bg5 Bg4 37.Qc8 Kg7  1-0

[Event "Acropolis Women's GM Open"]
[Site "Athens GRE"]
[Date "2005.03.10"]
[Round "5"]
[White "Bashkite,V"]
[Black "Makka,E"]
[Result "1-0"]
[WhiteElo "2196"]
[BlackElo "2121"]

1.d4 d5 2.Nf3 Nf6 3.c4 e6 4.Nc3 Be7 5.Bf4 O-O 6.e3 c5 7.dxc5 Bxc5 8.Qc2 Nc6
9.a3 Qe7 10.Rc1 Bb6 11.Bg5 d4 12.exd4 Nxd4 13.Nxd4 Bxd4 14.Bd3 h6 15.Bh4 Qc5
16.O-O Qh5 17.Bg3 e5 18.Nb5 Bb6 19.Rfe1 Ng4 20.c5 f5 21.Bxe5 Bd8 22.Bd6 Bh4
23.Bc4+ Kh8 24.Re2 Bxf2+ 25.Rxf2 Qxh2+  1-0

[Event "IRT Eduardo Orosco"]
[Site "Pinamar ARG"]
[Date "2005.03.10"]
[Round "3"]
[White "Pingas,B"]
[Black "Vera,IL"]
[Result "1/2-1/2"]
[WhiteElo "2281"]
[BlackElo "2040"]

1.Nf3 d5 2.c4 e6 3.d4 Nf6 4.Nc3 Be7 5.Bf4 a6 6.cxd5 exd5 7.e3 Nbd7 8.Ne5 c6
9.Bd3 Nxe5 10.dxe5 Nd7 11.O-O Nc5 12.Bc2 h5 13.h3 g5 14.Bh2 g4 15.b4 Ne6
16.hxg4 Bxb4 17.Na4 b5 18.Rb1 Ba5 19.Nb2 hxg4 20.Qxg4 Bb6 21.Bg3 Qg5 22.Qxg5 Nxg5
23.Rfc1 Bd7 24.Bd3 Ke7 25.Na4 Ba7 26.Nc5 Bxc5 27.Rxc5 Ne6 28.Rcc1 Rh6 29.Bf5 Rah8
30.Kf1 Rh1+ 31.Ke2 Rxc1 32.Rxc1 Rh6 33.Bxe6 Bxe6 34.Kd2 Kd7 35.a4 Kc7 36.a5 Rh8
37.Bf4 Rg8 38.g3 Rh8 39.e4 dxe4 40.Be3 Rd8+ 41.Kc2 Rd5 42.Rd1 Rxd1 43.Kxd1 Bg4+
44.Kd2 Kd7 45.Kc3 c5 46.Bxc5 Kc6 47.Kd4 Bf5  1/2-1/2

[Event "TCh-SWE Elitserien 2004-5"]
[Site "Malmo SWE"]
[Date "2005.03.11"]
[Round "9"]
[White "Akvist,H"]
[Black "Hedman,E"]
[Result "0-1"]
[WhiteElo "2260"]
[BlackElo "2320"]

1.d4 d5 2.c4 e6 3.Nc3 Be7 4.Nf3 Nf6 5.Bf4 O-O 6.e3 Nbd7 7.Qc2 c5 8.dxc5 Nxc5
9.Be2 a6 10.Ne5 Qa5 11.O-O Nfe4 12.Nxe4 dxe4 13.a3 f6 14.Ng4 h5 15.b4 Qa4
16.Qb1 Nd3 17.Bxd3 exd3 18.Nh6+ gxh6 19.Qxd3 Kg7 20.e4 e5 21.Bc1 Be6 22.f4 Qd7
23.Qg3+ Kh7 24.Bb2 Rg8 25.Qe3 Rad8 26.Rf2 Bxc4 27.h3 Qd3 28.Qb6 Qxe4 29.Rc1 Bd5  0-1

[Event "Sozina Open"]
[Site "Bar SCG"]
[Date "2005.03.12"]
[Round "9"]
[White "Antic,De"]
[Black "Solomunovic,I"]
[Result "1-0"]
[WhiteElo "2488"]
[BlackElo "2416"]

1.d4 d5 2.c4 e6 3.Nf3 Nf6 4.Nc3 Be7 5.Bf4 dxc4 6.e4 Bb4 7.Bg5 h6 8.Bxf6 Qxf6
9.Bxc4 c5 10.O-O cxd4 11.Nb5 Qe7 12.Qxd4 O-O 13.Nxa7 Bd7 14.Nb5 Nc6 15.Qe3 Rfc8
16.Qe2 Bc5 17.Rad1 Be8 18.a3 Na5 19.Ba2 Bxb5 20.Qxb5 Nc6 21.g3 Rd8 22.Kg2 g5
23.h3 Nd4 24.Nxd4 Bxd4 25.Rd2 Qc5 26.Qe2 Bf6 27.Rc2 Qd4 28.Rfc1 Ra4 29.Bc4 Ra5
30.Bb5 Raa8 31.a4 Qe5 32.Rc7 Rd4 33.Rxb7 Rxe4 34.Qh5 Bg7 35.Qxf7+ Kh8 36.Rcc7 Rg8
37.Bd3 Qd5 38.Bxe4 Qxe4+ 39.Qf3  1-0

[Event "TCh-SWE Elitserien 2004-5"]
[Site "Malmo SWE"]
[Date "2005.03.13"]
[Round "11"]
[White "Schneider,St"]
[Black "Hedman,E"]
[Result "1/2-1/2"]
[WhiteElo "2336"]
[BlackElo "2320"]

1.d4 d5 2.c4 e6 3.Nc3 Be7 4.Nf3 Nf6 5.Bf4 O-O 6.e3 Nbd7 7.Rc1 dxc4 8.Bxc4 a6
9.O-O c5 10.dxc5 Nxc5 11.Qxd8 Rxd8 12.Bc7 Re8 13.b4 Nce4 14.Nxe4 Nxe4 15.a3  1/2-1/2

[Event "Extraliga CZE 2004-5"]
[Site "Czech Rep CZE"]
[Date "2005.03.19"]
[Round "8"]
[White "Chytilek,R"]
[Black "Votava,J"]
[Result "1/2-1/2"]
[WhiteElo "2424"]
[BlackElo "2505"]

1.Nf3 d5 2.d4 Nf6 3.c4 e6 4.Nc3 Be7 5.Bf4 O-O 6.e3 Nbd7 7.Qc2 a6 8.Rd1 b6
9.cxd5 exd5 10.Be2 Bb7 11.Ne5 Bd6 12.Bf3 Re8 13.Qf5 g6 14.Qg5 Ne4 15.Qxd8 Raxd8
16.Nd3 Ndf6 17.Bxd6 Nxd6 18.Rc1 Nfe4 19.Bxe4 dxe4 20.Nf4 Kg7 21.O-O Rd7 22.Rc2 g5
23.Nfe2 Kg6 24.Rfc1 f5 25.g3 h6 26.b4 Ree7 27.a4 Ne8 28.a5 Nf6 29.Na4 Nd5
30.Rb2 Rd6 31.Nec3 Rc6 32.Rcc2 Rf6 33.axb6 cxb6 34.Nxd5 Bxd5 35.Rc3 h5 36.Rbc2 Rh7
37.Rc1 h4 38.Rc7 Rxc7 39.Rxc7 h3 40.Nc3 Bb3 41.g4 f4 42.d5 fxe3 43.fxe3 Rf3
44.Rc6+ Kg7 45.Rc7+ Kf8 46.Nxe4 Bxd5 47.Nxg5 Rxe3 48.Nh7+ Ke8 49.Nf6+ Kd8
50.Nxd5 Rd3 51.Rc6 Rxd5 52.Rxb6 Rd4 53.g5 Rg4+  1/2-1/2

[Event "ch-Privolzhsky Region"]
[Site "Ishevsk RUS"]
[Date "2005.03.24"]
[Round "9"]
[White "Tunik,G"]
[Black "Darmin,D"]
[Result "1-0"]
[WhiteElo "2477"]
[BlackElo "2295"]

1.d4 Nf6 2.c4 e6 3.Nf3 d5 4.Nc3 Be7 5.Bf4 O-O 6.e3 dxc4 7.Bxc4 c5 8.d5 exd5
9.Nxd5 Nxd5 10.Bxd5 Qb6 11.O-O Be6 12.Bxe6 Qxe6 13.Qe2 Nc6 14.Qb5 b6 15.a3 Bf6
16.Rac1 Rac8 17.h3 h6 18.Rc2 Ne7 19.Rd1 Nd5 20.Bg3 Rcd8 21.Rcd2 Be7 22.Qa6 Nf6
23.Rxd8 Bxd8 24.Be5 Ne4 25.Qxa7 Qb3 26.Qd7 Qc2 27.Rf1 Bf6 28.Bxf6 Nxf6 29.Qd2 Qxd2
30.Nxd2 Rd8 31.Nf3 Ne4 32.Rc1 Nd2 33.Ne5 Rd5 34.Rc2 Nb3 35.Nf3 h5 36.Kf1 b5
37.Ke2 c4 38.a4 bxa4 39.Rxc4 a3 40.bxa3 Ra5 41.a4 Nc5 42.Ne5 Nxa4 43.Rc8+ Kh7
44.Nxf7 Nc5 45.Ng5+  1-0

[Event "Spring Open"]
[Site "Belgrade SCG"]
[Date "2005.03.25"]
[Round "1"]
[White "Pucarevic,M"]
[Black "Becelic,D"]
[Result "1/2-1/2"]
[WhiteElo "2289"]
[BlackElo "2138"]

1.d4 d5 2.Nf3 Nf6 3.c4 e6 4.Nc3 Be7 5.Bf4 O-O 6.e3 Nbd7 7.cxd5 exd5 8.Bd3 c6
9.Qc2 Re8 10.h3 Nf8 11.O-O Ng6 12.Bh2 Bd6 13.Bxd6 Qxd6 14.Ne2 Ne7 15.Nf4 g6
16.g4 Kg7 17.Rfc1 Rh8 18.Qc5 Qxc5 19.Rxc5 h5 20.g5 Nd7 21.Rc3 b6 22.b4 Bb7
23.Rac1 Rhc8 24.Nd2 a5 25.a3 axb4 26.axb4 Ra2 27.Nb3 Ra3 28.e4 Raa8 29.exd5 Nxd5
30.Nxd5 cxd5 31.Rc7 Rxc7 32.Rxc7 Bc8 33.Bb5 Nf8 34.Bc6 Rb8 35.h4 Ne6 36.Ra7 Nf4
37.Kh2 Be6 38.b5 Nd3 39.Kg3 Nb4 40.Nd2 Rc8 41.Bd7 Bxd7 42.Rxd7 Rc3+ 43.Nf3 Nd3
44.Re7 Rc2 45.Ne5 Nxe5 46.Rxe5 Rc3+ 47.f3 Kf8 48.Kf4 Rc1 49.Rxd5 Rh1 50.Kg3 Ke7
51.Re5+ Kd6 52.Re4 Rb1 53.Rf4 Ke7 54.d5 Rxb5 55.d6+ Kf8 56.Rd4 Ke8 57.Re4+ Kd8
58.Re7 Rf5 59.Rb7 b5 60.f4 Kc8 61.Rb6 Kd7 62.Kf3 Ke6 63.Ke4 Rc5 64.Rb7 Rf5
65.Rb6 Rc5 66.Rb7  1/2-1/2

[Event "Norwegian Open"]
[Site "Oslo NOR"]
[Date "2005.03.25"]
[Round "7"]
[White "Kveinys,A"]
[Black "Senff,M"]
[Result "1-0"]
[WhiteElo "2518"]
[BlackElo "2430"]

1.d4 d5 2.c4 e6 3.Nc3 Be7 4.Nf3 Nf6 5.Bf4 O-O 6.e3 Nbd7 7.c5 c6 8.h3 b6 9.b4 a5
10.a3 Ba6 11.Bxa6 Rxa6 12.b5 cxb5 13.c6 Qc8 14.c7 b4 15.Nb5 a4 16.Rc1 Ne4
17.Nd2 e5 18.Nxe4 dxe4 19.Bxe5 Nxe5 20.dxe5 Bc5 21.O-O bxa3 22.Qg4 f5 23.Qe2 Ra5
24.Rfd1 Rxb5 25.Qc4+ Kh8 26.Rd8 Rxd8 27.cxd8=Q+ Qxd8 28.Qxb5 h6 29.e6 Qf6
30.Qc4 Qe5 31.g3 Kh7 32.Kg2 Kg6 33.Rd1 Kf6 34.Qxa4 Qxe6 35.Rd8 Kg6 36.Re8 Qd5
37.Rc8 Kh7 38.h4 f4 39.Qe8 f3+ 40.Kh2 a2 41.h5 Bf8 42.Ra8 b5 43.g4 Qd6+ 44.Kh3 Kg8
45.Qxe4 b4 46.Qc4+ Kh7 47.Qc2+ g6 48.Rxa2 Bg7 49.Ra7 b3 50.Qc3 Qf8 51.hxg6+ Kh8
52.Qxb3 h5 53.Qa4 hxg4+ 54.Qxg4  1-0

[Event "ch-FRA Top 16 GpB"]
[Site "Cannes FRA"]
[Date "2005.04.01"]
[Round "5"]
[White "Kazhgaleyev,M"]
[Black "Sharif,Me"]
[Result "1-0"]
[WhiteElo "2613"]
[BlackElo "2463"]

1.d4 e6 2.c4 d5 3.Nc3 Nf6 4.Nf3 Be7 5.Bf4 O-O 6.e3 b6 7.Bd3 Ba6 8.Qe2 Nbd7
9.O-O dxc4 10.Bxc4 Bxc4 11.Qxc4 c5 12.Rfd1 Qc8 13.e4 cxd4 14.Qxd4 Rd8 15.e5 Nf8
16.Qa4 Nd5 17.Nxd5 Rxd5 18.Rxd5 exd5 19.Rc1 Qf5 20.Be3 Ne6 21.Qd7 Bc5 22.Bxc5 Rd8
23.Qxa7 bxc5 24.Qa5 d4 25.h3 h6 26.a4 Rb8 27.Qd2 Qe4 28.a5 Qb7 29.Ra1 Qa6
30.Qc2 c4 31.Ra4 Rc8 32.Ra3 Rc5 33.Qd2 Rd5 34.Qb4 d3 35.Nd2 Nc5 36.Qb6 Qa8
37.a6 Rxe5 38.a7 Nd7 39.Qd6 Re1+ 40.Kh2 Re2 41.Nf3 d2 42.Kg1 Re1+ 43.Nxe1 Qf3
44.Qxd2 Qf5 45.Nf3 Qxh3 46.Qc2 c3 47.Qxc3 Nc5 48.Nd2 Ne6 49.Ra4 Nf4 50.Nf3 Ne6
51.Rc4 Kh7 52.Rc6 Nc5 53.Rxc5  1-0

[Event "Bundesliga 2005-6"]
[Site "Muelheim GER"]
[Date "2005.04.02"]
[Round "15"]
[White "Levin,F"]
[Black "Baramidze,D"]
[Result "1/2-1/2"]
[WhiteElo "2499"]
[BlackElo "2554"]

1.d4 d5 2.c4 e6 3.Nc3 Be7 4.Nf3 Nf6 5.Bf4 O-O 6.e3 c5 7.dxc5 Bxc5 8.Qc2 Nc6
9.Rd1 Qa5 10.Be2 Bb4 11.O-O Bxc3 12.bxc3 Ne4 13.Rc1 b6 14.cxd5 exd5 15.c4 Nb4
16.Qb2 Nc5  1/2-1/2

[Event "3rd ch-GER Internet Blitz Candidates"]
[Site "playchess INT"]
[Date "2005.04.02"]
[Round "3"]
[White "Huch,R"]
[Black "Zumsande,M"]
[Result "0-1"]
[WhiteElo "2325"]
[BlackElo "2381"]

1.d4 e6 2.Nf3 d5 3.c4 Nf6 4.Nc3 Be7 5.Bf4 O-O 6.e3 c5 7.dxc5 Bxc5 8.cxd5 Nxd5
9.Nxd5 exd5 10.a3 Nc6 11.Rc1 Bb6 12.Bd3 d4 13.e4 Bg4 14.h3 Qf6 15.hxg4 Qxf4
16.Qd2 Qxg4 17.Rh4 Qxg2 18.Ke2 Qg6 19.e5 f5 20.Rg1 Qe6 21.Rxh7 Rf7 22.Rgh1 Kf8
23.Rh8+ Ke7 24.Qg5+ Kd7 25.Rxa8 Nxe5 26.Nxe5+ Qxe5+ 27.Kd1 Re7 28.Qg2 Kc7
29.Qg3 f4 30.Qg4 Bc5 31.Rc8+ Kb6 32.b4 Bd6 33.Rh5 Qe1+ 34.Kc2 a6 35.Rd5 Bc7
36.Rd7 Qc3+ 37.Kb1 Re1+  0-1